[Event "10th Africa-ch"]
[Site "Windhoek NAM"]
[Date "2014.12.13"]
[Round "1"]
[White "Nyambalo, Joseph Xavier"]
[Black "Farahat, Ali"]
[Result "0-1"]
[WhiteElo "2082"]
[BlackElo "2386"]
[EventDate "2014.12.13"]
[PlyCount "16"]

1.e4 c5 2.Nc3 Nc6 3.g3 g6 4.Bg2 Bg7 5.d3 e6 6.Be3 d6 7.Qd2 Nge7 8.Nge2 Nd4
9.O-O Bd7 10.Nc1 Qc7 11.Nb3 O-O 12.Rac1 Qa5 13.Bxd4 cxd4 14.Ne2 Qb6 15.c3 
dxc3 16.bxc3 d5 17.Qg5 Rae8 18.Ned4 h6 19.Qd2 e5 20.Nc2 dxe4 21.dxe4 Bb5 
22.Rfd1 Rd8 23.Qe3 Rxd1+ 24.Rxd1 Rd8 25.Rd2 Rxd2 26.Qxd2 a5 27.c4 Bxc4 28.
Qxa5 Qxa5 29.Nxa5 Bxa2 30.Nxb7 Nc6 31.Nc5 Bf8 32.Nd7 Bd6 33.Nf6+ Kf8 34.
Ne3 h5 35.Ned5 Ba3 36.Bh3 Bb1 37.f3 Kg7 38.Ne8+ Kf8 39.Nef6 Kg7 40.Ne8+ 
Kf8 41.Nef6 Bc2 42.Bc8 Bd1 43.Kf2 Kg7 44.Ne8+ Kf8 45.Nef6 Kg7 46.Ne8+ 0-1

[Event "10th Africa-ch"]
[Site "Windhoek NAM"]
[Date "2014.12.13"]
[Round "1"]
[White "Khoa, Goodwill"]
[Black "Kayonde, Andrew"]
[Result "0-1"]
[WhiteElo "1990"]
[BlackElo "2336"]
[EventDate "2014.12.13"]
[PlyCount "48"]

1.Nf3 d5 2.c4 d4 3.d3 Nc6 4.g3 e5 5.Bg2 Bb4+ 6.Bd2 a5 7.O-O Nf6 8.a3 Be7 
9.Qc2 O-O 10.Rd1 h6 11.Be1 Bf5 12.Nbd2 Nd7 13.Nf1 a4 14.N3d2 Bg4 15.Bf3 
Bxf3 16.Nxf3 f5 17.Kg2 Qe8 18.e3 Qh5 19.Qe2 Qg6 20.exd4 exd4 21.Nxd4 Nxd4 
22.Qxe7 Qc6+ 23.Kh3 Rae8 24.Qh4 Nf3 0-1

[Event "10th Africa-ch"]
[Site "Windhoek NAM"]
[Date "2014.12.13"]
[Round "1"]
[White "Ameir, Moheb"]
[Black "Abrantes, Persson"]
[Result "1/2-1/2"]
[WhiteElo "2316"]
[BlackElo "1972"]
[EventDate "2014.12.13"]
[PlyCount "93"]

1.e4 c5 2.Nf3 d6 3.d4 cxd4 4.Qxd4 e5 5.Qd1 Be7 6.Nc3 Nf6 7.Bg5 Be6 8.Qd2 
a6 9.Bxf6 Bxf6 10.Nd5 Bxd5 11.Qxd5 Nc6 12.Rd1 Be7 13.c3 O-O 14.Be2 Qb6 15.
Qb3 Qc7 16.O-O Rac8 17.Nd2 b5 18.Rfe1 Kh8 19.Nf1 Na5 20.Qd5 Nc4 21.Bxc4 
bxc4 22.Ne3 g6 23.Re2 Kg7 24.Qd2 Rfe8 25.Nd5 Qb7 26.f4 Bf6 27.Rf1 Be7 28.
f5 f6 29.Ref2 g5 30.h4 g4 31.h5 Rg8 32.g3 Bd8 33.Kg2 Kh8 34.Rh1 Rg5 35.h6 
Rc5 36.Qd1 Rb5 37.Qe2 Rxd5 38.exd5 Qxd5+ 39.Kg1 Bb6 40.Rh2 e4 41.Kf1 Bxf2 
42.Rxf2 Qd3 43.Rf4 e3 44.Rxc4 Qxf5+ 45.Rf4 Qb1+ 46.Qe1 Qxb2 47.Rxf6 
1/2-1/2

[Event "10th Africa-ch"]
[Site "Windhoek NAM"]
[Date "2014.12.13"]
[Round "1"]
[White "Anquandah, Francis Eric"]
[Black "Kigigha, Bomo"]
[Result "0-1"]
[WhiteElo "1952"]
[BlackElo "2291"]
[EventDate "2014.12.13"]
[PlyCount "20"]

1.e4 c5 2.Nf3 Nc6 3.Bb5 e6 4.O-O Nge7 5.d4 cxd4 6.Nxd4 Qb6 7.Bxc6 dxc6 8.
Nb3 Ng6 9.Be3 Qc7 10.f4 Be7 11.Nc3 O-O 12.Qf3 f5 13.Kh1 b6 14.Nd4 Qb8 15.
e5 Bb7 16.Qe2 a6 0-1

[Event "10th Africa-ch"]
[Site "Windhoek NAM"]
[Date "2014.12.13"]
[Round "1"]
[White "Fawole, John Oyeyemi"]
[Black "Botsoe, Koffi"]
[Result "1-0"]
[WhiteElo "2214"]
[BlackElo "1566"]
[EventDate "2014.12.13"]
[PlyCount "63"]

1.d4 f5 2.Nf3 Nf6 3.g3 g6 4.Bg2 Bg7 5.O-O O-O 6.c4 d5 7.cxd5 Nxd5 8.Qb3 
Kh8 9.Nc3 Nxc3 10.bxc3 c6 11.e4 Qb6 12.Qa3 Qc7 13.Bf4 Qd8 14.Rab1 Nd7 15.
exf5 gxf5 16.Rfe1 Bf6 17.Ng5 Nb6 18.Qb3 Nd5 19.Be5 h6 20.Nf3 b5 21.Nh4 Qe8
22.Bxd5 cxd5 23.Qxd5 Bb7 24.Ng6+ Qxg6 25.Qxb7 a6 26.Qxe7 Bxe5 27.Qxe5+ Rf6
28.a4 f4 29.axb5 fxg3 30.hxg3 axb5 31.Rxb5 Rf8 32.Reb1 1-0

[Event "10th Africa-ch"]
[Site "Windhoek NAM"]
[Date "2014.12.14"]
[Round "2"]
[White "Kigigha, Bomo"]
[Black "Klaasen, Calvin Jong"]
[Result "1/2-1/2"]
[WhiteElo "2291"]
[BlackElo "2180"]
[EventDate "2014.12.13"]
[PlyCount "44"]

1.Nf3 c5 2.c4 Nc6 3.Nc3 g6 4.e3 Nf6 5.d4 cxd4 6.exd4 d5 7.Ne5 Bg7 8.Nxc6 
bxc6 9.Be2 O-O 10.O-O dxc4 11.Bxc4 Nd5 12.Bb3 e6 13.Bxd5 cxd5 14.Be3 Bd7 
15.Qd2 Qb6 16.Rfc1 Rfc8 17.Ne2 Bb5 18.Nc3 Bd7 19.Ne2 Bb5 20.Nc3 Bd7 21.Ne2
Bb5 22.Nc3 Bd7 1/2-1/2

[Event "10th Africa-ch"]
[Site "Windhoek NAM"]
[Date "2014.12.14"]
[Round "2"]
[White "Adly, Ahmed"]
[Black "Khoa, Goodwill"]
[Result "1-0"]
[WhiteElo "2591"]
[BlackElo "1990"]
[EventDate "2014.12.13"]
[PlyCount "22"]

1.Nf3 d5 2.g3 Nf6 3.Bg2 c6 4.O-O g6 5.c4 Bg7 6.d4 O-O 7.Na3 Re8 8.Bf4 Nh5 
9.Bg5 h6 10.Be3 Nf6 11.Rc1 Nbd7 12.Bf4 Nh5 13.cxd5 Nxf4 14.gxf4 c5 15.dxc5
Bxb2 16.Qa4 Bxc1 17.Rxc1 b6 18.c6 Nc5 19.Qd4 Ba6 20.e3 Qd6 21.Ne5 Rad8 22.
Nac4 Bxc4 23.Nxc4 Qf6 24.Qxf6 exf6 25.c7 Rxd5 26.Bxd5 Rc8 27.Bxf7+ Kg7 1-0

[Event "10th Africa-ch"]
[Site "Windhoek NAM"]
[Date "2014.12.14"]
[Round "2"]
[White "Mwale, Joseph"]
[Black "Fumey, Enyonam Sewa"]
[Result "1-0"]
[WhiteElo "2074"]
[BlackElo "1780"]
[EventDate "2014.12.13"]
[PlyCount "59"]

1.e4 d5 2.exd5 Nf6 3.c4 c6 4.dxc6 Nxc6 5.Be2 e5 6.d3 Bf5 7.Nf3 e4 8.dxe4 
Qxd1+ 9.Bxd1 Nxe4 10.O-O Bc5 11.Bc2 O-O 12.Nh4 Nd4 13.Bxe4 Bxe4 14.Nc3 Bd3
15.Rd1 Bf5 16.Be3 Rfd8 17.Rd2 Be6 18.Rc1 Be7 19.Rxd4 Rxd4 20.Bxd4 Bxh4 21.
g3 Be7 22.a3 g6 23.Kg2 Rc8 24.Kf3 Bg5 25.Rd1 f5 26.h4 Be7 27.Re1 Kf7 28.
Bg7 Kxg7 29.Rxe6 Bxa3 30.Nb5 1-0

[Event "10th Africa-ch"]
[Site "Windhoek NAM"]
[Date "2014.12.16"]
[Round "4"]
[White "Magana, Benjamin"]
[Black "Chimthere, Alfred"]
[Result "1-0"]
[WhiteElo "2063"]
[BlackElo "2006"]
[EventDate "2014.12.13"]
[PlyCount "104"]

1.e4 c5 2.Nf3 e6 3.c3 d5 4.e5 Ne7 5.d4 Nf5 6.Bd3 Nc6 7.dxc5 Bxc5 8.O-O Be7
9.Re1 g6 10.Nbd2 Ng7 11.Nf1 O-O 12.Ne3 Bd7 13.g3 Qc7 14.h4 Nxe5 15.Nxe5 
Qxe5 16.Nf5 Qxe1+ 17.Qxe1 gxf5 18.Bh6 Bf6 19.Bg5 Bxg5 20.hxg5 f6 21.gxf6 
Rxf6 22.Qe5 Raf8 23.Qf4 Rg6 24.Be2 Ne8 25.Kg2 Bc6 26.Bf3 Nf6 27.Rh1 Ng4 
28.Qd4 a6 29.Rh4 Nf6 30.Qf4 Kg7 31.c4 h6 32.Qe5 Kf7 33.cxd5 Nxd5 34.Kh2 
Rf6 35.g4 fxg4 36.Rxg4 Ne7 37.Bxc6 bxc6 38.Qh5+ Ng6 39.Kg1 Kg7 40.Qe5 Rf7 
41.b4 Kh7 42.Qe4 e5 43.Qd3 h5 44.Rg3 Kh6 45.Qe3+ Rf4 46.Rf3 h4 47.a4 Rf5 
48.Rxf4 Rxf4 49.Qc5 Rg4+ 50.Kh2 Rf4 51.Kg2 Rg4+ 52.Kh3 Ne7 1-0

[Event "10th Africa-ch"]
[Site "Windhoek NAM"]
[Date "2014.12.20"]
[Round "7"]
[White "Cawdery, Daniel"]
[Black "Adly, Ahmed"]
[Result "0-1"]
[WhiteElo "2430"]
[BlackElo "2591"]
[EventDate "2014.12.13"]
[PlyCount "36"]

1.e4 g6 2.d4 Bg7 3.Nc3 d6 4.f4 a6 5.Nf3 e6 6.Bd3 d5 7.exd5 exd5 8.f5 Ne7 
9.Bg5 f6 10.Bf4 Bxf5 11.Bxf5 Nxf5 12.Qe2+ Ne7 13.O-O-O Nc6 14.Bxc7 Qxc7 
15.Nxd5 Qd8 16.Nxe7 Qxe7 17.Qc4 O-O-O 18.Rhe1 Qc7 0-1